| 000 | 00814cab a2200205 4500 | ||
|---|---|---|---|
| 001 | ABS37013 | ||
| 008 | 090401t1986 xxu||||| |||| 00| 0 eng d | ||
| 035 | _a(Sirsi) u1550 | ||
| 041 | _aeng | ||
| 100 | _aAllen, D.K. | ||
| 245 | _aSurveyors` negligence: recent developments | ||
| 260 | _c1986 | ||
| 350 | _a0 | ||
| 490 |
_aLaw Society`s Gazette _v83 (31) 3 September 1986, 2549-2553 (3) |
||
| 520 | _aReviews recent cases concerning surveyors ` liability for negligence , highlighting such aspects as the measure of damages , professional knowledge, extensive liability and limitation periods . Briefly examines the potential impact of the Latent Damage Act 1986 . | ||
| 650 | _aABOUT RICS-RICS MEMBERS | ||
| 690 | _aMANAGEMENT-BUSINESS MANAGEMENT-PROFESSIONAL PRACTICE | ||
| 942 | _n0 | ||
| 948 | _c04/03/1997 | ||
| 999 |
_c871 _d871 |
||